Представление документа в формате MARC21

Поле Инд. ПП Название Значение
Тип записи a
Библиографический уровень m
001 Контрольный номер 4f65e7d08c6e496893160a4303c61581
005 Дата корректировки 20260427091911.1
040 a Служба первич. каталог. НБ ТвГУ
b Код языка каталог. rus
e Правила каталог. PSBO
041 0_ a Код языка текста rus
090 a Полочн. индекс 912
x Авторский знак А 92
097 b Оператор Alekseeva.EV
245 10 a Заглавие Малый географический атлас
260 a Место издания Москва
c Дата издания 1930
653 0_ a Ключевые слова Геграфия
a Ключевые слова Атлас
901 t Тип документа m
920 a Оператор Алекс
a Оператор Петр
952 c Вид литературы К рн